000 00509nam a2200157Ia 4500
008 100122s9999 xx 000 0 und d
082 _b76894
_aBM822
100 _aनाटेकर सुनिल
245 _aअक्षर अक्षर बनवी साक्षर
250 _a1
260 _c2008
300 _a32
630 _aअक्षर अक्षर बनवी साक्षर
730 _aअक्षर अक्षर बनवी साक्षर
942 _cBOOK
999 _c393784
_d393781